000 00331nam a2200133Ia 4500
005 20260328104328.0
008 260328s9999||||xx |||||||||||||| ||und||
100 _aOrnes, Stephen
245 0 _aMath art :
_b Truth, beauty, and equations /
_cStephen Ornes
260 _bSterling
300 _a191 p.
650 _aARTE
942 _cBK
999 _c11599
_d11599